|
|
|
|
| LEADER |
00643nta a2200157 i 4500 |
| 001 |
dipl40980 |
| 005 |
20130716141934.0 |
| 008 |
130716s2006 hu om 0|| hun d |
| 040 |
|
|
|a SZTE Diploma Repozitórium
|b hun
|
| 041 |
|
|
|a hun
|
| 100 |
1 |
|
|a Ádelhardt Izabella
|
| 245 |
1 |
2 |
|a A sportszervezetek "csiszolatlan gyémántjai" - A szurkolók értékeinek kiaknázása a belső public relations segítségével
|h [elektronikus dokumentum] /
|c Izabella Ádelhardt
|
| 260 |
|
|
|c 2006
|
| 650 |
|
4 |
|a Bölcsészettudományok
|
| 700 |
1 |
|
|a Csekő Melinda
|e ths
|
| 856 |
4 |
0 |
|u http://diploma.bibl.u-szeged.hu/id/eprint/40980/1/2006_adelhardt_izabella.pdf
|z Dokumentum-elérés
|